| 000 | 00772cam a2200217 a 4500 | ||
|---|---|---|---|
| 001 | 000006971 | ||
| 005 | 20200929154032.0 | ||
| 008 | 820317s1941 cu c 000 0 spa | ||
| 040 |
_aDO-SdBNP _bspa _cCarP _dBNPHU |
||
| 082 |
_a923.5 _bL382ó |
||
| 100 | 1 |
_aLaurent, Emilio A., _d1902- _919372 |
|
| 245 | 1 | 0 |
_aDe oficial a revolucionario. / _cEmilio A. Laurent ; prólogo Enrique C. Henríquez. |
| 260 |
_aLa Habana, (Cuba) : _b[Imp. Ucar, García], _c1941. |
||
| 300 |
_a256 p. : _bil., retrs. ; _c21 cm. |
||
| 600 | 1 | 4 |
_aEMILIO LAURENT _xBIOGRAFÍA _919373 |
| 651 | 4 |
_aCuba _xHistoria _y1909-1933. _919374 |
|
| 651 | 4 |
_aCuba _xHistoria _yREVOLUCIÓN, 1933. _919375 |
|
| 700 | 1 |
_aHenríquez, Enrique C. _epról. _919376 |
|
| 910 | _aCatalogación por copia / LC | ||
| 049 | _aBNGR | ||
| 999 |
_c6755 _d6755 |
||